[Event "POL-Tch1st League"]
[Site "Darlowo POL"]
[Date "2024.09.22"]
[Round "9.8"]
[White "Golubka, Petro"]
[Black "Dobrowolski, Piotr"]
[Result "1-0"]
[WhiteElo "2379"]
[BlackElo "2391"]
[WhiteFideId "-1"]
[BlackFideId "-1"]
[PlyCount "127"]
[GameId "2130307536747933"]
[EventDate "2024.09.14"]
[EventType "team"]
[EventRounds "9"]
[EventCountry "POL"]
[SourceTitle "10 Days #772"]
[Source "ChessMix "]
[SourceDate "2024.10.01"]
[SourceVersion "1"]
[SourceVersionDate "2024.10.01"]
[SourceQuality "1"]

1. e4 e6 2. d4 d5 3. e5 c5 4. c3 Nc6 5. Nf3 Bd7 6. Be2 Nge7 7. O-O Ng6 8. Be3 cxd4 9. cxd4 Be7 10. g3 O-O 11. h4 f6 12. h5 Nh8 13. Nbd2 Nf7 14. exf6 Bxf6 15. Nb3 Nd6 16. Nc5 Qe7 17. Nxd7 Qxd7 18. Kg2 Nf5 19. Rc1 Qd6 20. Qd2 a6 21. a3 Rae8 22. b4 Nxe3+ 23. Qxe3 Re7 24. Bd3 e5 25. dxe5 Bxe5 26. Qd2 Qf6 27. Ng5 h6 28. f4 hxg5 29. fxe5 Qxe5 30. Bh7+ Kxh7 31. Rxf8 Qe4+ 32. Kh2 Nd4 33. Qxg5 Re5 34. Qg6+ Qxg6 35. hxg6+ Kxg6 36. Rf2 Re3 37. Rd1 Nf3+ 38. Kg2 Ne1+ 39. Kf1 Nd3 40. Rfd2 Ne5 41. Rxd5 Kf5 42. Re1 Rxe1+ 43. Kxe1 Ke4 44. Rd8 Nc4 45. a4 Nb2 46. Rd7 g5 47. Rxb7 Nxa4 48. Kd2 Kd4 49. Ra7 Nc3 50. Rxa6 Ne4+ 51. Kc2 Nxg3 52. Kb3 Ne4 53. Rg6 Ke5 54. b5 Kf5 55. Rg8 Nf6 56. Rg7 Nd5 57. Kc4 Nb6+ 58. Kd4 g4 59. Rf7+ Kg5 60. Ke4 Na4 61. Ke5 Nc5 62. b6 Kg6 63. Rc7 Nd3+ 64. Ke4 1-0

[Event "Lignano Sabbiadoro op"]
[Site "Lignano Sabbiadoro ITA"]
[Date "2024.08.17"]
[Round "1.6"]
[White "Saketh, Pedagandham"]
[Black "Golubka, Petro"]
[Result "1/2-1/2"]
[WhiteElo "2051"]
[BlackElo "2390"]
[WhiteFideId "-1"]
[BlackFideId "-1"]
[PlyCount "40"]
[GameId "2130307539737120"]
[EventDate "2024.08.17"]
[EventType "swiss"]
[EventRounds "9"]
[EventCountry "ITA"]
[SourceTitle "10 Days #769"]
[Source "ChessMix "]
[SourceDate "2024.09.01"]
[SourceVersion "1"]
[SourceVersionDate "2024.09.01"]
[SourceQuality "1"]

1. e4 e6 2. d4 d5 3. exd5 exd5 4. Nf3 Nf6 5. Bd3 Bd6 6. O-O O-O 7. Bg5 Bg4 8. Nbd2 Nbd7 9. h3 Bh5 10. c3 c6 11. Qc2 Qc7 12. Rfe1 Rfe8 13. Kf1 Bf4 14. Rxe8+ Rxe8 15. Bxf4 Qxf4 16. Re1 Rxe1+ 17. Kxe1 Bxf3 18. Nxf3 g6 19. Qd2 Qxd2+ 20. Kxd2 Kf8 1/2-1/2

[Event "Lignano Sabbiadoro op"]
[Site "Lignano Sabbiadoro ITA"]
[Date "2024.08.18"]
[Round "2.13"]
[White "Golubka, Petro"]
[Black "Adrian, Claude"]
[Result "1-0"]
[WhiteElo "2390"]
[BlackElo "2149"]
[WhiteFideId "-1"]
[BlackFideId "-1"]
[PlyCount "53"]
[GameId "2130307539737144"]
[EventDate "2024.08.17"]
[EventType "swiss"]
[EventRounds "9"]
[EventCountry "ITA"]
[SourceTitle "10 Days #769"]
[Source "ChessMix "]
[SourceDate "2024.09.01"]
[SourceVersion "1"]
[SourceVersionDate "2024.09.01"]
[SourceQuality "1"]

1. d4 Nf6 2. c4 c5 3. d5 b5 4. Qc2 b4 5. e4 d6 6. Bd3 g6 7. h3 Bg7 8. Nf3 O-O 9. O-O e5 10. a3 a5 11. axb4 cxb4 12. c5 dxc5 13. Be3 Nbd7 14. Nbd2 Nh5 15. Bb5 Nf4 16. Bc6 Ba6 17. Bxa8 Bxf1 18. Kxf1 Qxa8 19. Nc4 Qb7 20. Qa4 Ra8 21. Qc6 Qa6 22. Nfd2 Qxc6 23. dxc6 Nb8 24. Bxf4 exf4 25. Rxa5 Rxa5 26. c7 Ra1+ 27. Ke2 1-0

[Event "Lignano Sabbiadoro op"]
[Site "Lignano Sabbiadoro ITA"]
[Date "2024.08.18"]
[Round "3.8"]
[White "Meskenas, Paulius"]
[Black "Golubka, Petro"]
[Result "0-1"]
[WhiteElo "2198"]
[BlackElo "2390"]
[WhiteFideId "-1"]
[BlackFideId "-1"]
[PlyCount "84"]
[GameId "2130307539737157"]
[EventDate "2024.08.17"]
[EventType "swiss"]
[EventRounds "9"]
[EventCountry "ITA"]
[SourceTitle "10 Days #769"]
[Source "ChessMix "]
[SourceDate "2024.09.01"]
[SourceVersion "1"]
[SourceVersionDate "2024.09.01"]
[SourceQuality "1"]

1. e4 e6 2. d4 d5 3. e5 c5 4. c3 Nc6 5. Nf3 Nge7 6. a3 Nf5 7. b4 cxd4 8. cxd4 Qb6 9. Bb2 Bd7 10. g4 Nfe7 11. Nbd2 h5 12. g5 Nf5 13. Nb3 a5 14. b5 a4 15. bxc6 Bxc6 16. Nfd2 axb3 17. Qxb3 Qa7 18. Qd3 Be7 19. f4 Qb6 20. Rb1 Qa5 21. Bc3 Qxa3 22. Ra1 Qxa1+ 23. Bxa1 Rxa1+ 24. Kf2 O-O 25. Bg2 Ra2 26. Rb1 Ba4 27. Rxb7 Rc8 28. Bxd5 exd5 29. Qxf5 Rcc2 30. Ke3 Rxd2 31. Rb8+ Bf8 32. Rxf8+ Kxf8 33. Qc8+ Be8 34. Qc5+ Kg8 35. Qxd5 Re2+ 36. Kf3 Kh7 37. f5 Rf2+ 38. Ke3 Rac2 39. Qd6 Rxf5 40. d5 Bb5 41. e6 Re2+ 42. Kd4 Rxd5+ 0-1

[Event "Lignano Sabbiadoro op"]
[Site "Lignano Sabbiadoro ITA"]
[Date "2024.08.19"]
[Round "4.3"]
[White "Golubka, Petro"]
[Black "Shah, Vishwa"]
[Result "1/2-1/2"]
[WhiteElo "2390"]
[BlackElo "2179"]
[WhiteFideId "-1"]
[BlackFideId "-1"]
[PlyCount "122"]
[GameId "2130307539741266"]
[EventDate "2024.08.17"]
[EventType "swiss"]
[EventRounds "9"]
[EventCountry "ITA"]
[SourceTitle "10 Days #769"]
[Source "ChessMix "]
[SourceDate "2024.09.01"]
[SourceVersion "1"]
[SourceVersionDate "2024.09.01"]
[SourceQuality "1"]

1. d4 Nf6 2. c4 c5 3. d5 b5 4. Qc2 bxc4 5. e4 e6 6. Nc3 exd5 7. e5 Ng8 8. Nxd5 Bb7 9. Bxc4 Ne7 10. Qb3 Bxd5 11. Bxd5 Nxd5 12. Qxd5 Nc6 13. Nf3 Be7 14. Bd2 O-O 15. O-O Qb6 16. Bc3 Rad8 17. Rfe1 Nb4 18. Qe4 Qg6 19. Rad1 Qxe4 20. Rxe4 d5 21. exd6 Bxd6 22. Bxb4 cxb4 23. Red4 Be7 24. Rxd8 Rxd8 25. Rxd8+ Bxd8 26. Ne5 Bf6 27. Nc6 Bxb2 28. Nxa7 Bd4 29. Nc6 Bc5 30. Kf1 Kf8 31. Ke2 Ke8 32. Kd3 Bxf2 33. Nxb4 Kd7 34. g4 Bg1 35. h3 Kd6 36. Ke4 g6 37. Nd3 f6 38. a3 Kc6 39. h4 Bb6 40. Nf4 g5 41. hxg5 fxg5 42. Ne6 h6 43. Nd4+ Kc5 44. Nf5 Kc4 45. Nxh6 Kb3 46. Nf7 Kxa3 47. Nxg5 Bd8 48. Ne6 Bh4 49. Kf5 Kb3 50. Nf8 Kc3 51. Ng6 Bd8 52. Ke6 Bg5 53. Ne5 Kc2 54. Nf3 Bd8 55. Kd7 Bf6 56. Ke6 Bd8 57. Kd5 Kd1 58. Ke4 Ke2 59. Kf4 Kf2 60. g5 Bxg5+ 61. Kxg5 Kxf3 1/2-1/2

[Event "Lignano Sabbiadoro op"]
[Site "Lignano Sabbiadoro ITA"]
[Date "2024.08.20"]
[Round "5.2"]
[White "Martinovici, Ilia"]
[Black "Golubka, Petro"]
[Result "1/2-1/2"]
[WhiteElo "2439"]
[BlackElo "2390"]
[WhiteFideId "-1"]
[BlackFideId "-1"]
[PlyCount "28"]
[GameId "2130307539741283"]
[EventDate "2024.08.17"]
[EventType "swiss"]
[EventRounds "9"]
[EventCountry "ITA"]
[SourceTitle "10 Days #769"]
[Source "ChessMix "]
[SourceDate "2024.09.01"]
[SourceVersion "1"]
[SourceVersionDate "2024.09.01"]
[SourceQuality "1"]

1. d4 d5 2. c4 e6 3. Nc3 Nf6 4. cxd5 exd5 5. Bg5 Be7 6. e3 h6 7. Bh4 O-O 8. Bd3 c6 9. Qc2 Re8 10. Nge2 Nbd7 11. f3 b5 12. Bf2 Bb7 13. O-O a6 14. Qd2 c5 1/2-1/2

[Event "Lignano Sabbiadoro op"]
[Site "Lignano Sabbiadoro ITA"]
[Date "2024.08.20"]
[Round "6.3"]
[White "Golubka, Petro"]
[Black "Mirzoev, Azer"]
[Result "1/2-1/2"]
[WhiteElo "2390"]
[BlackElo "2429"]
[WhiteFideId "-1"]
[BlackFideId "-1"]
[PlyCount "20"]
[GameId "2130307539741302"]
[EventDate "2024.08.17"]
[EventType "swiss"]
[EventRounds "9"]
[EventCountry "ITA"]
[SourceTitle "10 Days #769"]
[Source "ChessMix "]
[SourceDate "2024.09.01"]
[SourceVersion "1"]
[SourceVersionDate "2024.09.01"]
[SourceQuality "1"]

1. d4 d5 2. c4 dxc4 3. e3 Nf6 4. Bxc4 e6 5. Nf3 c5 6. Nc3 cxd4 7. exd4 Be7 8. O-O Nc6 9. a3 O-O 10. Re1 a6 1/2-1/2

[Event "Lignano Sabbiadoro op"]
[Site "Lignano Sabbiadoro ITA"]
[Date "2024.08.21"]
[Round "7.3"]
[White "Mammi, Samuele"]
[Black "Golubka, Petro"]
[Result "1/2-1/2"]
[WhiteElo "2181"]
[BlackElo "2390"]
[WhiteFideId "-1"]
[BlackFideId "-1"]
[PlyCount "116"]
[GameId "2130307539741320"]
[EventDate "2024.08.17"]
[EventType "swiss"]
[EventRounds "9"]
[EventCountry "ITA"]
[SourceTitle "10 Days #769"]
[Source "ChessMix "]
[SourceDate "2024.09.01"]
[SourceVersion "1"]
[SourceVersionDate "2024.09.01"]
[SourceQuality "1"]

1. c4 e5 2. Nc3 d6 3. g3 f5 4. Bg2 Be7 5. e3 Nf6 6. Nge2 O-O 7. O-O c6 8. d4 Qe8 9. Qc2 Na6 10. b3 Be6 11. Ba3 e4 12. Qb2 d5 13. cxd5 cxd5 14. Rac1 Nb4 15. Qd2 Nd3 16. Bxe7 Qxe7 17. Rc2 g5 18. f4 g4 19. Na4 Rfc8 20. Nc5 Nxc5 21. dxc5 Rxc5 22. Rxc5 Qxc5 23. Rc1 Qb6 24. Nd4 Rc8 25. Rxc8+ Bxc8 26. Qc3 Bd7 27. Bf1 Kf7 28. a4 Ne8 29. b4 Qc7 30. Qb3 Nf6 31. a5 Qc1 32. Kf2 h5 33. Qc2 Qa3 34. Qc5 h4 35. Qxa7 Qxb4 36. a6 bxa6 37. Bxa6 Qb2+ 38. Be2 Qc1 39. Bf1 Kg6 40. Qa2 Qd1 41. Qc2 hxg3+ 42. hxg3 Qxc2+ 43. Nxc2 Ne8 44. Nd4 Kf6 45. Ke2 Ng7 46. Kf2 Ne6 47. Ba6 Nxd4 48. exd4 Ke7 49. Ke3 Kd6 50. Kd2 Kc6 51. Be2 Kb6 52. Bd1 Ka5 53. Bb3 Bc6 54. Kc3 Kb5 55. Bc2 Bd7 56. Bb3 Be6 57. Bc2 Ka5 58. Bb3 Kb5 1/2-1/2

[Event "Lignano Sabbiadoro op"]
[Site "Lignano Sabbiadoro ITA"]
[Date "2024.08.22"]
[Round "8.5"]
[White "Golubka, Petro"]
[Black "Vuelban, Virgilio"]
[Result "1/2-1/2"]
[WhiteElo "2390"]
[BlackElo "2237"]
[WhiteFideId "-1"]
[BlackFideId "-1"]
[PlyCount "77"]
[GameId "2130307539745436"]
[EventDate "2024.08.17"]
[EventType "swiss"]
[EventRounds "9"]
[EventCountry "ITA"]
[SourceTitle "10 Days #769"]
[Source "ChessMix "]
[SourceDate "2024.09.01"]
[SourceVersion "1"]
[SourceVersionDate "2024.09.01"]
[SourceQuality "1"]

1. d4 d5 2. c4 c6 3. Nc3 Nf6 4. e3 e6 5. Nf3 Nbd7 6. Qc2 Bd6 7. g4 h6 8. Rg1 Bb4 9. h4 Qa5 10. Bd2 dxc4 11. Bxc4 b5 12. Be2 Nd5 13. Ne4 O-O 14. g5 h5 15. Qxc6 g6 16. Qxb5 Bxd2+ 17. Nfxd2 Qc7 18. Qc4 Qa5 19. Nc3 Bb7 20. Bf3 Rfb8 21. Nb3 Qd8 22. Bxd5 Nb6 23. Qd3 Bxd5 24. Nc5 Nd7 25. e4 Bc6 26. Nxd7 Qxd7 27. O-O-O Qc7 28. Rd2 a5 29. Qe3 a4 30. Kb1 a3 31. b3 Ba4 32. Nxa4 Rxa4 33. Rc1 Qa7 34. f4 Rab4 35. Rc5 Qa4 36. Kc2 Qa8 37. f5 Rxb3 38. Qxb3 Rb7 39. Qxb7 1/2-1/2

[Event "Lignano Sabbiadoro op"]
[Site "Lignano Sabbiadoro ITA"]
[Date "2024.08.23"]
[Round "9.5"]
[White "Fetiveau, Arthur"]
[Black "Golubka, Petro"]
[Result "1/2-1/2"]
[WhiteElo "2087"]
[BlackElo "2390"]
[WhiteFideId "-1"]
[BlackFideId "-1"]
[PlyCount "110"]
[GameId "2130307539745459"]
[EventDate "2024.08.17"]
[EventType "swiss"]
[EventRounds "9"]
[EventCountry "ITA"]
[SourceTitle "10 Days #769"]
[Source "ChessMix "]
[SourceDate "2024.09.01"]
[SourceVersion "1"]
[SourceVersionDate "2024.09.01"]
[SourceQuality "1"]

1. e4 e6 2. d4 d5 3. Nd2 c5 4. exd5 Qxd5 5. Ngf3 Nf6 6. Bc4 Qd7 7. O-O cxd4 8. Nb3 Nc6 9. Nbxd4 Nxd4 10. Nxd4 a6 11. Re1 Be7 12. c3 b5 13. Bb3 Bb7 14. Bg5 Rd8 15. Qe2 Nd5 16. Bxe7 Qxe7 17. Qg4 O-O 18. Re5 Qf6 19. Rae1 Nf4 20. f3 h5 21. Qg3 Bd5 22. Bxd5 Rxd5 23. Rxd5 exd5 24. Re3 b4 25. Qe1 bxc3 26. bxc3 Qg6 27. g3 h4 28. Kf1 hxg3 29. hxg3 Nh5 30. Kg2 Nf4+ 31. Kf1 Ne6 32. Nxe6 fxe6 33. Rxe6 Rxf3+ 34. Kg2 Rxg3+ 35. Qxg3 Qxe6 36. Qb8+ Kf7 37. Qc7+ Kf6 38. Qf4+ Qf5 39. Qd6+ Qe6 40. Qf4+ Qf5 41. Qd6+ Kg5 42. Qxa6 Qc2+ 43. Kf1 Qxc3 44. a4 d4 45. a5 d3 46. Qb5+ Kf4 47. Qb8+ Ke3 48. Qb6+ Kd2 49. a6 Kc2 50. a7 d2 51. Qg6+ Kc1 52. Qg5 Qc4+ 53. Kf2 Qf7+ 54. Ke2 Qc4+ 55. Kf2 Qf7+ 1/2-1/2

[Event "Spilimbergo op"]
[Site "Spilimbergo ITA"]
[Date "2024.08.09"]
[Round "1.21"]
[White "Prudhvi, Kumar V"]
[Black "Golubka, Petro"]
[Result "1/2-1/2"]
[WhiteElo "2129"]
[BlackElo "2390"]
[WhiteFideId "-1"]
[BlackFideId "-1"]
[PlyCount "26"]
[GameId "2130307540185473"]
[EventDate "2024.08.09"]
[EventType "swiss"]
[EventRounds "9"]
[EventCountry "ITA"]
[SourceTitle "10 Days #768"]
[Source "ChessMix"]
[SourceDate "2024.08.20"]
[SourceVersion "1"]
[SourceVersionDate "2024.08.20"]
[SourceQuality "1"]

1. d4 d5 2. c4 e6 3. Nf3 a6 4. g3 c5 5. cxd5 exd5 6. Bg2 Nc6 7. O-O Be6 8. Nc3 Rc8 9. Be3 c4 10. Ne5 Nge7 11. Nxc4 dxc4 12. d5 Nxd5 13. Nxd5 Be7 1/2-1/2

[Event "Spilimbergo op"]
[Site "Spilimbergo ITA"]
[Date "2024.08.10"]
[Round "3.19"]
[White "Chidvilash, Sai Surapaneni"]
[Black "Golubka, Petro"]
[Result "0-1"]
[WhiteElo "2220"]
[BlackElo "2390"]
[WhiteFideId "-1"]
[BlackFideId "-1"]
[PlyCount "70"]
[GameId "2130307540193714"]
[EventDate "2024.08.09"]
[EventType "swiss"]
[EventRounds "9"]
[EventCountry "ITA"]
[SourceTitle "10 Days #768"]
[Source "ChessMix"]
[SourceDate "2024.08.20"]
[SourceVersion "1"]
[SourceVersionDate "2024.08.20"]
[SourceQuality "1"]

1. c4 e6 2. Nf3 d5 3. e3 Nf6 4. Nc3 dxc4 5. Bxc4 a6 6. a4 c5 7. O-O Nc6 8. d4 cxd4 9. Nxd4 Bd7 10. e4 Bb4 11. Nde2 O-O 12. Bg5 Ne5 13. Ba2 Bc6 14. Nd4 h6 15. Bf4 Ng6 16. Nxc6 bxc6 17. Qf3 Nxf4 18. Qxf4 Bxc3 19. bxc3 Qd3 20. f3 Qxc3 21. Rfc1 Qd4+ 22. Kh1 Nd5 23. Qd6 Rfd8 24. Qxc6 Nf4 25. Qc3 Qd2 26. Qxd2 Rxd2 27. g3 Nd3 28. Rc3 Rb8 29. Bb3 Ne5 30. Kg1 g5 31. Rf1 g4 32. fxg4 Nxg4 33. h3 Ne5 34. Rf2 Rd3 35. Rc5 Nd7 0-1

[Event "Spilimbergo op"]
[Site "Spilimbergo ITA"]
[Date "2024.08.11"]
[Round "4.4"]
[White "Golubka, Petro"]
[Black "Brunello, Sabino"]
[Result "1/2-1/2"]
[WhiteElo "2390"]
[BlackElo "2513"]
[WhiteFideId "-1"]
[BlackFideId "-1"]
[PlyCount "38"]
[GameId "2130307540193725"]
[EventDate "2024.08.09"]
[EventType "swiss"]
[EventRounds "9"]
[EventCountry "ITA"]
[SourceTitle "10 Days #768"]
[Source "ChessMix"]
[SourceDate "2024.08.20"]
[SourceVersion "1"]
[SourceVersionDate "2024.08.20"]
[SourceQuality "1"]

1. d4 Nf6 2. c4 e6 3. Nc3 d5 4. cxd5 exd5 5. Bg5 Be7 6. e3 c6 7. Bd3 h6 8. Bh4 O-O 9. Nge2 Nbd7 10. Qc2 Re8 11. O-O Nf8 12. f3 Ne6 13. Rad1 b5 14. Kh1 Bd7 15. Bf2 Rc8 16. Bf5 b4 17. Bxe6 Bxe6 18. Na4 Qa5 19. b3 c5 1/2-1/2

[Event "Spilimbergo op"]
[Site "Spilimbergo ITA"]
[Date "2024.08.12"]
[Round "5.17"]
[White "Alinasab, Mobina"]
[Black "Golubka, Petro"]
[Result "1/2-1/2"]
[WhiteElo "2354"]
[BlackElo "2390"]
[WhiteFideId "-1"]
[BlackFideId "-1"]
[PlyCount "62"]
[GameId "2130307540193762"]
[EventDate "2024.08.09"]
[EventType "swiss"]
[EventRounds "9"]
[EventCountry "ITA"]
[SourceTitle "10 Days #768"]
[Source "ChessMix"]
[SourceDate "2024.08.20"]
[SourceVersion "1"]
[SourceVersionDate "2024.08.20"]
[SourceQuality "1"]

1. e4 e6 2. d4 d5 3. Nc3 Nf6 4. e5 Nfd7 5. Nce2 c5 6. c3 Nc6 7. Nf3 Rb8 8. Nf4 b5 9. a3 cxd4 10. cxd4 b4 11. Bd3 bxa3 12. bxa3 Ba6 13. O-O Bxd3 14. Qxd3 Be7 15. g3 Na5 16. Kg2 Nc4 17. h4 Rb6 18. Nd2 Na5 19. a4 O-O 20. Ba3 Bxa3 21. Rxa3 Rb2 22. Rc3 Nb6 23. Nf3 Nbc4 24. Ng5 g6 25. Rd1 Qe7 26. Nh5 h6 27. Nf6+ Kg7 28. Nh5+ Kg8 29. Nf6+ Kg7 30. Nh5+ Kg8 31. Nf6+ Kg7 1/2-1/2

[Event "Spilimbergo op"]
[Site "Spilimbergo ITA"]
[Date "2024.08.12"]
[Round "6.14"]
[White "Golubka, Petro"]
[Black "Amirkul, Alimzhan"]
[Result "0-1"]
[WhiteElo "2390"]
[BlackElo "2267"]
[WhiteFideId "-1"]
[BlackFideId "-1"]
[PlyCount "60"]
[GameId "2130307540197880"]
[EventDate "2024.08.09"]
[EventType "swiss"]
[EventRounds "9"]
[EventCountry "ITA"]
[SourceTitle "10 Days #768"]
[Source "ChessMix"]
[SourceDate "2024.08.20"]
[SourceVersion "1"]
[SourceVersionDate "2024.08.20"]
[SourceQuality "1"]

1. e4 c5 2. Nf3 Nc6 3. d4 cxd4 4. Nxd4 e5 5. Nb5 d6 6. c4 Be7 7. Be2 f5 8. exf5 Bxf5 9. N1c3 a6 10. Na3 Nf6 11. Be3 O-O 12. O-O Rc8 13. Qd2 Kh8 14. Bf3 e4 15. Be2 Ne5 16. Rad1 Qe8 17. Bf4 Qg6 18. Kh1 Nd3 19. Bxd3 exd3 20. Qe3 Rfe8 21. Qb6 d5 22. Qxb7 Bxa3 23. cxd5 Bc5 24. Qxa6 Ne4 25. Qxg6 hxg6 26. Nxe4 Rxe4 27. Bg5 Rd4 28. Be3 Rxd5 29. Bxc5 Rcxc5 30. f3 Rc2 0-1

[Event "Spilimbergo op"]
[Site "Spilimbergo ITA"]
[Date "2024.08.13"]
[Round "7.22"]
[White "Palozza, Christian"]
[Black "Golubka, Petro"]
[Result "1-0"]
[WhiteElo "2238"]
[BlackElo "2390"]
[WhiteFideId "-1"]
[BlackFideId "-1"]
[PlyCount "75"]
[GameId "2130307540197912"]
[EventDate "2024.08.09"]
[EventType "swiss"]
[EventRounds "9"]
[EventCountry "ITA"]
[SourceTitle "10 Days #768"]
[Source "ChessMix"]
[SourceDate "2024.08.20"]
[SourceVersion "1"]
[SourceVersionDate "2024.08.20"]
[SourceQuality "1"]

1. d4 Nf6 2. c4 e6 3. Nf3 c5 4. d5 exd5 5. cxd5 d6 6. e4 g6 7. Bd3 Bg7 8. O-O O-O 9. h3 b5 10. Bxb5 Nxe4 11. Re1 Nf6 12. Nc3 a6 13. Ba4 Nbd7 14. Bf4 Ne8 15. Bc6 Rb8 16. Qd2 Qa5 17. Rac1 Rb4 18. Re7 Qd8 19. Rce1 Rxf4 20. Qxf4 Be5 21. R7xe5 dxe5 22. Nxe5 Nxe5 23. Qxe5 Nd6 24. Qe7 Bf5 25. Qxd8 Rxd8 26. Re7 c4 27. g4 Bd3 28. Ra7 Rb8 29. Rxa6 Rxb2 30. Ba4 Ne4 31. d6 Nxc3 32. d7 Rb8 33. Rc6 Kg7 34. Rc8 Rb1+ 35. Kh2 Be4 36. d8=Q Rh1+ 37. Kg3 Ne2+ 38. Kh4 1-0

[Event "Spilimbergo op"]
[Site "Spilimbergo ITA"]
[Date "2024.08.15"]
[Round "9.23"]
[White "Golubka, Petro"]
[Black "Jarocka, Liwia"]
[Result "1/2-1/2"]
[WhiteElo "2390"]
[BlackElo "2217"]
[WhiteFideId "-1"]
[BlackFideId "-1"]
[PlyCount "113"]
[GameId "2130307540197962"]
[EventDate "2024.08.09"]
[EventType "swiss"]
[EventRounds "9"]
[EventCountry "ITA"]
[SourceTitle "10 Days #768"]
[Source "ChessMix"]
[SourceDate "2024.08.20"]
[SourceVersion "1"]
[SourceVersionDate "2024.08.20"]
[SourceQuality "1"]

1. d4 d5 2. c4 e6 3. Nc3 Nf6 4. cxd5 exd5 5. Bg5 c6 6. e3 Be6 7. Bd3 Nbd7 8. Nge2 h6 9. Bh4 g5 10. Bg3 Nh5 11. Qc2 Nxg3 12. hxg3 Bg7 13. b4 a6 14. a4 Qe7 15. O-O O-O 16. b5 axb5 17. axb5 c5 18. Qd2 f5 19. dxc5 Nxc5 20. Rxa8 Rxa8 21. Nd4 Ne4 22. Qb2 Bxd4 23. exd4 Qa3 24. Qxa3 Rxa3 25. Bxe4 dxe4 26. Rc1 Rb3 27. d5 Bd7 28. g4 Kf7 29. gxf5 Bxf5 30. Ne2 Rxb5 31. Nd4 Rxd5 32. Nxf5 Rxf5 33. Rc7+ Kg6 34. Rxb7 Re5 35. Rb6+ Kg7 36. Rb7+ Kf6 37. Rb3 h5 38. Kh2 Kf5 39. Rh3 Kg6 40. Re3 Kf6 41. f3 exf3 42. Rxf3+ Kg6 43. Ra3 h4 44. g3 hxg3+ 45. Kg2 Kh5 46. Kxg3 Rc5 47. Kh3 Rc1 48. Kg3 Rg1+ 49. Kh3 g4+ 50. Kh2 Rf1 51. Kg3 Kg5 52. Ra5+ Rf5 53. Ra3 Re5 54. Rb3 Rf5 55. Ra3 Rf3+ 56. Rxf3 gxf3 57. Kxf3 1/2-1/2

[Event "Wl. Schmidt mem."]
[Site "Poznan POL"]
[Date "2024.07.20"]
[Round "1.4"]
[White "Golubka, Petro"]
[Black "Licznerski, Lukasz"]
[Result "1-0"]
[WhiteElo "2394"]
[BlackElo "2430"]
[WhiteFideId "-1"]
[BlackFideId "-1"]
[PlyCount "63"]
[GameId "2130307541297742"]
[EventDate "2024.07.20"]
[EventType "tourn"]
[EventRounds "9"]
[EventCountry "POL"]
[EventCategory "7"]
[SourceTitle "10 Days #766"]
[Source "ChessMix"]
[SourceDate "2024.08.01"]
[SourceVersion "1"]
[SourceVersionDate "2024.08.01"]
[SourceQuality "1"]

1. e4 c6 2. d4 d5 3. e5 Bf5 4. Nd2 e6 5. Nb3 Nd7 6. Nf3 Ne7 7. Be2 Bg6 8. O-O Nf5 9. g4 Ne7 10. Nh4 h5 11. Nxg6 Nxg6 12. gxh5 Nh4 13. Bg4 Be7 14. Bf4 g6 15. hxg6 Nxg6 16. Bg3 Bh4 17. f4 Qe7 18. f5 exf5 19. Rxf5 Bxg3 20. hxg3 f6 21. Bh5 O-O-O 22. Bxg6 Rdg8 23. Rh5 Qg7 24. Rxh8 Rxh8 25. Qg4 Qh6 26. Nc5 f5 27. Qxf5 Qe3+ 28. Kf1 Rh1+ 29. Kg2 Qg1+ 30. Rxg1 Rh2+ 31. Kxh2 Kd8 32. Qxd7# 1-0

[Event "Wl. Schmidt mem."]
[Site "Poznan POL"]
[Date "2024.07.21"]
[Round "2.3"]
[White "Burdalev, Kirill"]
[Black "Golubka, Petro"]
[Result "1/2-1/2"]
[WhiteElo "2349"]
[BlackElo "2394"]
[WhiteFideId "-1"]
[BlackFideId "-1"]
[PlyCount "26"]
[GameId "2130307541297746"]
[EventDate "2024.07.20"]
[EventType "tourn"]
[EventRounds "9"]
[EventCountry "POL"]
[EventCategory "7"]
[SourceTitle "10 Days #766"]
[Source "ChessMix"]
[SourceDate "2024.08.01"]
[SourceVersion "1"]
[SourceVersionDate "2024.08.01"]
[SourceQuality "1"]

1. e4 e6 2. d4 d5 3. exd5 exd5 4. Nf3 Nc6 5. Bb5 Bd6 6. c4 dxc4 7. d5 a6 8. Ba4 b5 9. dxc6 bxa4 10. O-O Ne7 11. Qxa4 Bf5 12. Nbd2 Bd3 13. Re1 c3 1/2-1/2

[Event "Wl. Schmidt mem."]
[Site "Poznan POL"]
[Date "2024.07.22"]
[Round "3.3"]
[White "Golubka, Petro"]
[Black "Brzezina, Piotr"]
[Result "1/2-1/2"]
[WhiteElo "2394"]
[BlackElo "2309"]
[WhiteFideId "-1"]
[BlackFideId "-1"]
[PlyCount "120"]
[GameId "2130307541297751"]
[EventDate "2024.07.20"]
[EventType "tourn"]
[EventRounds "9"]
[EventCountry "POL"]
[EventCategory "7"]
[SourceTitle "10 Days #766"]
[Source "ChessMix"]
[SourceDate "2024.08.01"]
[SourceVersion "1"]
[SourceVersionDate "2024.08.01"]
[SourceQuality "1"]

1. e4 e5 2. Bc4 Nc6 3. Nf3 Bc5 4. c3 Nf6 5. d4 exd4 6. cxd4 Bb4+ 7. Bd2 Bxd2+ 8. Nbxd2 d5 9. exd5 Nxd5 10. O-O O-O 11. Bb5 Nce7 12. Re1 c6 13. Bc4 Bf5 14. a3 Ng6 15. Nb3 Ndf4 16. g3 Nh3+ 17. Kf1 Bg4 18. Re3 Qf6 19. Nbd2 Rae8 20. Qb3 b5 21. Be2 Ne7 22. Re1 Be6 23. Qc2 Nf5 24. Re4 Bd5 25. Rxe8 Rxe8 26. Qc3 Ng5 27. Nxg5 Qxg5 28. Bxb5 Rxe1+ 29. Kxe1 Qf6 30. Bc4 Qxd4 31. Qxd4 Nxd4 32. Bxd5 cxd5 33. f4 f6 34. Kf2 Kf7 35. Ke3 Nf5+ 36. Kd3 Ke6 37. Nf3 Kd6 38. Nd4 Ne7 39. b4 g5 40. a4 gxf4 41. gxf4 a6 42. h3 Ng6 43. Ke3 Ne7 44. h4 h5 45. Kf3 Ng6 46. Kg3 Ne7 47. Kf2 Kd7 48. Ke3 Kd6 49. f5 Ke5 50. a5 Kd6 51. b5 axb5 52. Nxb5+ Kc6 53. Nd4+ Kb7 54. Ne6 Nxf5+ 55. Kd3 Ka6 56. Nf4 Nxh4 57. Nxh5 Kxa5 58. Nxf6 Nf5 59. Nxd5 Kb5 60. Nb4 Kxb4 1/2-1/2